Statistics for Another kind of capitals

Click here to take the quiz!

General Stats

  • This quiz has been taken 36 times
  • The average score is 8 of 13

Answer Stats

CapitalTypeCountry% Correct
ColomboFormer capital; has some government officesSri Lanka
100%
La PazAdministrativeBolivia
97%
BloemfonteinJudicialSouth Africa
90%
Dar es SalaamDe facto seat of governmentTanzania
87%
CuscoHistorical CapitalPeru
70%
AbidjanFormer capital; still has many government officesCôte d'Ivoire
63%
RamallahDe factoPalestine
60%
CotonouDe factoBenin
53%
YarenDe factoNauru
50%
PutrajayaAdministrative and judicialMalaysia
27%
LobambaRoyal and legislativeSwaziland
23%
CetinjeOld Royal Capital, present seat of the PresidentMontenegro
20%
KutaisiLegislativeGeorgia
17%

Score Distribution

Percentile by Number Answered

Percent of People with Each Score

Your Score History

You have not taken this quiz